Podział administracyjny Liechtensteinu - Statystyki

Ogólne statystyki
  • Ten quiz został rozwiązany 57 razy
  • Średni wynik to 5 z 11
Statystyki odpowiedzi
Gmina % Poprawnych
Vaduz
94%
Eschen
56%
Mauren
50%
Schaan
50%
Triesen
38%
Triesenberg
38%
Balzers
31%
Planken
31%
Schellenberg
31%
Gamprin
25%
Ruggell
25%
Nie znaleziono quizów pasujących do podanych kryteriów
Rozkład punktacji
Procent ludzi z każdym wynikiem
Percentyl według liczby udzielonych odpowiedzi
Twoja historia wyników
Nie rozwiązałeś tego quizu